Most Thanked People at the Oscars - Statistics

General Stats
  • This quiz has been taken 915 times
  • The average score is 7 of 19
Answer Stats
# Movie Answer % Correct
46 E.T. Steven Spielberg
95%
23 Star Wars George Lucas
80%
30 Titanic James Cameron
80%
23 The Hobbit Peter Jackson
79%
15 Taxi Driver Martin Scorsese
59%
16 The Godfather Francis Ford Coppola
58%
10 Ocean's Eleven George Clooney
37%
10 Beetlejuice Tim Burton
32%
11 Alien Ridley Scott
31%
11 Forrest Gump Bob Zemeckis
29%
34 Pulp Fiction Harvey Weinstein
26%
11 Butch Cassidy and the Sundance Kid Robert Redford
19%
11 Cabaret Bob Fosse
14%
13 Toy Story John Lasseter
7%
18 The Lord of the Rings Fran Walsh
4%
12 Shrek Jeffrey Katzenberg
3%
16 The Lord of the Rings Barrie Osborne
1%
15 Amadeus Saul Zaentz
1%
18 Citizenfour Sheila Nevins
0%
No matching quizzes found
Score Distribution
Percent of People with Each Score
Percentile by Number Answered
Your Score History
You have not taken this quiz